Statistiques concernant [PAROLES] Zoo - Kaaris

Cliquez ici pour prendre le quiz!

Statistiques générales

  • Ce quiz a été pris 224 fois
  • Le résultat moyen est 314 sur 497

Statistiques - réponses

Réponse% Correct
n'
99%
J'
97%
j'
97%
l'
97%
L'
97%
s'
97%
a
96%
à
96%
d'
96%
C'
95%
c'
95%
de
93%
Le
93%
le
93%
t'
93%
vienne,
93%
La
92%
la
92%
Les
89%
les
89%
dans
88%
Dans
88%
te
88%
ai
87%
au
87%
m'
87%
nique
87%
race.
87%
Ta
87%
ta
87%
que
86%
glace.
85%
aucune
84%
peine,
84%
Si
84%
zoo.
84%
zoo,
84%
du
82%
sortir
82%
singes
81%
ça
79%
Ça
79%
en
79%
viennent
79%
me
76%
veines
75%
place.
73%
to
73%
comme
72%
prendre
71%
veux
71%
ces
70%
époque
70%
fait
70%
leur
70%
Ma
70%
ma
70%
savoir
69%
et
67%
entraîne
66%
capitale
65%
Colombie
64%
devant
64%
peau.
64%
sourire
64%
encule
63%
Tout
62%
barillet.
61%
Brandon
61%
Dylan.
61%
mort
61%
sale
61%
Armés
59%
armés
59%
arrive
59%
est
59%
mes
59%
T'es
59%
tes
59%
t'es
59%
pédés
58%
larmes.
57%
rats
57%
2.7
56%
Clos.
56%
cookies
56%
couilles
56%
putains
56%
qui
56%
un
56%
même
55%
tellement
55%
trempe
55%
ange
54%
rend
54%
âme.
53%
avarié,
53%
diarrhée.
53%
plus
53%
rappe
52%
attrapent
51%
palme.
51%
bats
50%
pas
50%
napalm
48%
crament
47%
sang
47%
eau.
46%
the
46%
Back
45%
pute,
45%
épais
44%
Future
44%
pour
44%
Quelques
44%
quelques
44%
arrête.
43%
par
42%
mais
41%
Sevran
40%
mère
39%
Ton
39%
tu
39%
cadavre
38%
domestiqué.
38%
vocation :
37%
astiquer.
36%
il
36%
plots.
36%
Traqué
36%
Y'
36%
derrière
35%
jeu
34%
sur
34%
baise
33%
des
33%
trop
33%
voir
33%
tard
32%
rotation,
31%
braquer
30%
draps
30%
souviennent.
30%
strings
30%
joues
29%
parce
29%
ficelles
28%
niquer.
28%
mets
27%
tête.
27%
claqué,
26%
expliquer.
26%
soutiennent.
26%
plein
25%
barrettes.
24%
devoir
24%
faudra
24%
noir
24%
pleine
24%
vais
24%
location
23%
chiennes.
22%
tur-fu,
22%
4124
21%
chauve.
21%
ou
21%
sent
21%
sueur
21%
akhé.
20%
assez
20%
labo,
20%
large
20%
maqué,
20%
plusieurs
20%
but
19%
capot.
19%
Hommes
19%
sous
19%
surplus
19%
torse
19%
Transversale,
19%
animal
18%
chambre
18%
chiffres.
18%
mauves.
18%
mentent
18%
monde
18%
riz
18%
suis
18%
billets
17%
chaînes.
17%
dominant
17%
nous,
17%
tatoué
17%
blancs,
16%
grammes
16%
grande
16%
Gros
16%
nègres
16%
ténèbres
16%
tous
16%
calbut,
15%
Chez
15%
jour
15%
sont
15%
bras
14%
éclaircissent.
14%
nom
14%
pif.
14%
persistent,
13%
coeur
12%
6.6.6,
11%
chahed.
11%
gras
10%
raclos.
10%
Iblis.
9%
Kadiatou
9%
tiebou
9%
Viser
9%
Z.E.R.O
9%
dien.
8%
fasse
8%
v6.
7%
trackers
5%
3.2
4%
bracos.
2%
Cent
1%
plombs
1%

Distribution des résultats

Percentile par nombre de réponses

% des personnes avec chaque résultat

Votre développement - résultats

Vous n’avez pas pris ce quiz